[Event "Monarque blanc"]
[Site "Gatineau CAN"]
[Date "2007.02.06"]
[Round "4"]
[White "Chartrand, Jean Bruno"]
[Black "Dupont, Claude"]
[Result "1-0"]
[WhiteElo "1836"]
[BlackElo "1395"]
[PlyCount "72"]
[GameId "2160767910726879"]
[EventDate "2007.01.16"]
[EventType "swiss"]
[EventRounds "7"]
[EventCountry "CAN"]
[SourceTitle "EXT 2022"]
[Source "ChessBase"]
[SourceDate "2021.10.06"]
[SourceVersion "1"]
[SourceVersionDate "2021.10.06"]
[SourceQuality "1"]

1. d4 d5 2. c4 e6 3. Nc3 Nf6 4. Nf3 b6 5. Bg5 Be7 6. e3 Bb7 7. Rc1 Nbd7 8. Be2 h6 9. Bf4 c6 10. O-O Nh7 11. cxd5 exd5 12. Nxd5 O-O 13. Nxe7+ Qxe7 14. d5 c5 15. Bd3 Nhf6 16. d6 Qe6 17. Bc4 Bd5 18. Bxd5 Nxd5 19. Bg3 Rfd8 20. Re1 N7f6 21. e4 Nxe4 22. Nd2 f5 23. f3 Rxd6 24. Bxd6 Qxd6 25. fxe4 fxe4 26. Nxe4 Qc6 27. Nc3 Nf4 28. Re4 Rf8 29. Qa4 b5 30. Qxb5 Qg6 31. Qc4+ Kh8 32. Rxf4 Rxf4 33. Qxf4 Qb6 34. Re1 h5 35. Re8+ Kh7 36. Qf5+ Kh6 1-0

[Event "Monarque blanc"]
[Site "Gatineau CAN"]
[Date "2007.02.06"]
[Round "4"]
[White "Forget, David"]
[Black "Szalay, Karoly"]
[Result "0-1"]
[WhiteElo "1887"]
[BlackElo "1854"]
[PlyCount "38"]
[GameId "2160767910726881"]
[EventDate "2007.01.16"]
[EventType "swiss"]
[EventRounds "7"]
[EventCountry "CAN"]
[SourceTitle "EXT 2022"]
[Source "ChessBase"]
[SourceDate "2021.10.06"]
[SourceVersion "1"]
[SourceVersionDate "2021.10.06"]
[SourceQuality "1"]

1. d4 d5 2. c4 e6 3. Nc3 c6 4. cxd5 exd5 5. Nf3 Bf5 6. Qb3 Qb6 7. Qxb6 axb6 8. Bf4 Nf6 9. e3 h6 10. Be2 Bb4 11. O-O Bxc3 12. bxc3 b5 13. a4 bxa4 14. Bxb8 Rxb8 15. Rxa4 O-O 16. c4 dxc4 17. Rxc4 Ra8 18. Ne5 Ra5 19. Bd3 Rxe5 0-1

[Event "Monarque blanc"]
[Site "Gatineau CAN"]
[Date "2007.02.06"]
[Round "4"]
[White "Gagnon, Fabien"]
[Black "Lacourse, Guy"]
[Result "1-0"]
[WhiteElo "1988"]
[BlackElo "1632"]
[PlyCount "49"]
[GameId "2160767910726882"]
[EventDate "2007.01.16"]
[EventType "swiss"]
[EventRounds "7"]
[EventCountry "CAN"]
[SourceTitle "EXT 2022"]
[Source "ChessBase"]
[SourceDate "2021.10.06"]
[SourceVersion "1"]
[SourceVersionDate "2021.10.06"]
[SourceQuality "1"]

1. d4 Nf6 2. Nf3 b6 3. g3 e6 4. Bg2 Bb7 5. O-O Be7 6. c4 d5 7. cxd5 exd5 8. Nc3 Nbd7 9. b3 O-O 10. Bb2 Ne4 11. Rc1 Nxc3 12. Rxc3 c5 13. Qb1 Nf6 14. Rd1 Ba6 15. Rc2 Bc8 16. Rcc1 Be6 17. Ne5 cxd4 18. Nc6 Qd7 19. Nxe7+ Qxe7 20. Bxd4 Rfd8 21. e3 Ne8 22. f4 g6 23. Ba1 Bf5 24. Qb2 Qxe3+ 25. Kh1 1-0

[Event "Monarque blanc"]
[Site "Gatineau CAN"]
[Date "2007.02.06"]
[Round "4"]
[White "Guimond, Michel"]
[Black "Cossette, Daniel"]
[Result "0-1"]
[WhiteElo "1795"]
[BlackElo "2137"]
[PlyCount "58"]
[GameId "2160767910726883"]
[EventDate "2007.01.16"]
[EventType "swiss"]
[EventRounds "7"]
[EventCountry "CAN"]
[SourceTitle "EXT 2022"]
[Source "ChessBase"]
[SourceDate "2021.10.06"]
[SourceVersion "1"]
[SourceVersionDate "2021.10.06"]
[SourceQuality "1"]

1. e4 c5 2. Nf3 Nc6 3. d4 cxd4 4. Nxd4 Nf6 5. Nc3 g6 6. Be3 Bg7 7. f3 O-O 8. Qd2 d5 9. Nxc6 bxc6 10. e5 Nd7 11. f4 e6 12. Na4 Nxe5 13. O-O-O Nd7 14. h4 Qe7 15. h5 c5 16. hxg6 fxg6 17. c3 Rb8 18. Qf2 d4 19. cxd4 Rb4 20. Nc3 cxd4 21. Bxd4 Bxd4 22. Rxd4 Rxd4 23. Qxd4 Nb6 24. Bd3 Rd8 25. Qe3 Bb7 26. Rh2 Nd5 27. Nxd5 Bxd5 28. Kb1 Qd7 29. Qh3 Be4 0-1

[Event "Monarque blanc"]
[Site "Gatineau CAN"]
[Date "2007.02.06"]
[Round "4"]
[White "Kennedy, Phillip"]
[Black "Scantland, Patrick"]
[Result "0-1"]
[WhiteElo "1285"]
[BlackElo "1730"]
[PlyCount "86"]
[GameId "2160767910726885"]
[EventDate "2007.01.16"]
[EventType "swiss"]
[EventRounds "7"]
[EventCountry "CAN"]

1. Nf3 Nf6 2. g3 g6 3. Bg2 Bg7 4. O-O d6 5. d4 O-O 6. Nc3 c6 7. e4 Bg4 8. h3 Bxf3 9. Bxf3 e5 10. d5 Qc8 11. b3 Qxh3 12. Bg5 h5 13. Bxf6 Bxf6 14. g4 hxg4 15. Bxg4 Qxc3 16. Kg2 Qd4 17. Qf3 Kg7 18. Rh1 Na6 19. Bf5 Rh8 20. Qg3 cxd5 21. c3 Qd2 22. Rad1 Qg5 23. Qxg5 Bxg5 24. Bh3 dxe4 25. Rxd6 Rad8 26. Rhd1 Rxd6 27. Rxd6 Rd8 28. Rd7 Rxd7 29. Bxd7 Nc5 30. Bg4 f5 31. Be2 a6 32. b4 Nd3 33. Kf1 Bd2 34. f3 Bxc3 35. fxe4 fxe4 36. a3 Kf6 37. Bg4 Nf4 38. Kf2 Bd2 39. Bc8 e3+ 40. Kg3 e2 41. Kf3 e1=Q 42. Bxb7 Qe2+ 43. Kg3 Be1# 0-1

[Event "Monarque blanc"]
[Site "Gatineau CAN"]
[Date "2007.02.06"]
[Round "4"]
[White "Laferriere, Bruno"]
[Black "Iyamuremye, Gervais"]
[Result "1/2-1/2"]
[WhiteElo "1880"]
[BlackElo "1539"]
[PlyCount "123"]
[GameId "2160767910726886"]
[EventDate "2007.01.16"]
[EventType "swiss"]
[EventRounds "7"]
[EventCountry "CAN"]
[SourceTitle "EXT 2022"]
[Source "ChessBase"]
[SourceDate "2021.10.06"]
[SourceVersion "1"]
[SourceVersionDate "2021.10.06"]
[SourceQuality "1"]

1. e4 b6 2. d4 Bb7 3. Bd3 e6 4. Nf3 c5 5. c3 h6 6. O-O Nf6 7. Re1 cxd4 8. cxd4 Bb4 9. Nc3 O-O 10. h3 Qe7 11. a3 Bxc3 12. bxc3 d6 13. a4 Rc8 14. c4 Nfd7 15. Ba3 e5 16. Rc1 Qf6 17. Bb2 Qe7 18. Bb1 Nc6 19. d5 Na5 20. Bd3 Nc5 21. Bf1 Qe8 22. Ra1 Ba6 23. Nd2 Qf8 24. Qf3 Qe8 25. Qd1 Qf8 26. f4 f6 27. f5 Rc7 28. Re3 Bc8 29. Rg3 Bd7 30. Qh5 Kh8 31. Rga3 Qe8 32. Qxe8+ Rxe8 33. Bc3 Rb7 34. Bb4 Rg8 35. Rb1 Rc8 36. Rba1 Rcb8 37. Kf2 g6 38. g4 g5 39. Be2 Kg7 40. Kg3 Be8 41. Nf3 Kh8 42. h4 Rg7 43. hxg5 hxg5 44. Rh1+ Rh7 45. Rxh7+ Kxh7 46. Bxc5 bxc5 47. Kf2 Rb7 48. Nd2 Rb4 49. Ke3 Rxa4 50. Rxa4 Bxa4 51. Kd3 Kg7 52. Kc3 Kf7 53. Nf1 Ke7 54. Ng3 a6 55. Nh5 Bd7 56. Ng7 Ba4 57. Ne6 Kd7 58. Nf8+ Ke7 59. Ne6 Kd7 60. Kb2 Bb3 61. Kc3 Ba4 62. Nf8+ 1/2-1/2

[Event "Monarque blanc"]
[Site "Gatineau CAN"]
[Date "2007.02.06"]
[Round "4"]
[White "Libersan, Mattieu"]
[Black "Jani, Louis"]
[Result "1-0"]
[WhiteElo "1936"]
[BlackElo "1413"]
[PlyCount "81"]
[GameId "2160767910726888"]
[EventDate "2007.01.16"]
[EventType "swiss"]
[EventRounds "7"]
[EventCountry "CAN"]
[SourceTitle "EXT 2022"]
[Source "ChessBase"]
[SourceDate "2021.10.06"]
[SourceVersion "1"]
[SourceVersionDate "2021.10.06"]
[SourceQuality "1"]

1. e4 c5 2. Nf3 d6 3. d4 cxd4 4. Nxd4 Nc6 5. Nc3 Nf6 6. Bc4 e6 7. O-O Be7 8. Kh1 a6 9. f4 O-O 10. f5 e5 11. Nde2 b5 12. Bb3 Bb7 13. Bg5 b4 14. Bxf6 Bxf6 15. Nd5 a5 16. Ng3 Nd4 17. Nh5 Bxd5 18. Bxd5 Ra7 19. c3 bxc3 20. bxc3 Nb5 21. Qg4 Kh8 22. Rf3 Nc7 23. Rd1 Nxd5 24. Rxd5 Qe7 25. Rfd3 Ra6 26. Qd1 Rb8 27. Qg4 Rb1+ 28. Rd1 Rxd1+ 29. Qxd1 Rc6 30. Rxa5 Rc8 31. Nxf6 Qxf6 32. h3 g6 33. fxg6 Qxg6 34. Qf3 Rf8 35. Ra7 f5 36. exf5 Rxf5 37. Qa8+ Qg8 38. a4 Rf8 39. Qc6 Rf1+ 40. Kh2 Rf8 41. Qxd6 1-0

[Event "Monarque blanc"]
[Site "Gatineau CAN"]
[Date "2007.02.06"]
[Round "4"]
[White "Pilon, Robert"]
[Black "Levesque, Andre"]
[Result "0-1"]
[WhiteElo "1554"]
[BlackElo "1388"]
[PlyCount "76"]
[GameId "2160767910726889"]
[EventDate "2007.01.16"]
[EventType "swiss"]
[EventRounds "7"]
[EventCountry "CAN"]
[SourceTitle "EXT 2022"]
[Source "ChessBase"]
[SourceDate "2021.10.06"]
[SourceVersion "1"]
[SourceVersionDate "2021.10.06"]
[SourceQuality "1"]

1. d4 f5 2. Bg5 Nc6 3. Nf3 d6 4. e3 Nf6 5. Bxf6 exf6 6. Bd3 Be7 7. Nc3 Nb4 8. Bc4 d5 9. Bb3 Be6 10. a3 Na6 11. Ne2 O-O 12. Nf4 Bf7 13. Qd3 c6 14. h4 Qd7 15. O-O-O c5 16. dxc5 Nxc5 17. Qd4 Nxb3+ 18. cxb3 Rfd8 19. Rd3 b6 20. b4 b5 21. Rc3 a5 22. Nd3 axb4 23. Nxb4 Bxb4 24. Qxb4 Rdc8 25. Kb1 Rab8 26. Rhc1 Rc4 27. Rxc4 dxc4 28. Nd4 Qd5 29. f3 f4 30. Qc3 fxe3 31. Qxe3 b4 32. axb4 Rxb4 33. Rc3 Qb7 34. Qd2 Qa6 35. Ra3 Qxa3 36. Nc6 Rb7 37. Nd8 c3 38. Nxb7 cxd2 0-1

[Event "Monarque blanc"]
[Site "Gatineau CAN"]
[Date "2007.02.06"]
[Round "4"]
[White "Rainey, Ivan"]
[Black "Maisonneuve, Paul"]
[Result "0-1"]
[WhiteElo "1241"]
[BlackElo "1523"]
[PlyCount "122"]
[GameId "2160767910726890"]
[EventDate "2007.01.16"]
[EventType "swiss"]
[EventRounds "7"]
[EventCountry "CAN"]
[SourceTitle "EXT 2022"]
[Source "ChessBase"]
[SourceDate "2021.10.06"]
[SourceVersion "1"]
[SourceVersionDate "2021.10.06"]
[SourceQuality "1"]

1. e4 d6 2. d4 Nf6 3. Nc3 g6 4. Nf3 Bg7 5. Bc4 O-O 6. O-O Nxe4 7. Nxe4 d5 8. Bxd5 Qxd5 9. Nc3 Qd8 10. h3 Nd7 11. Re1 Nf6 12. Bg5 b6 13. Bxf6 Bxf6 14. Qd3 Bb7 15. Ne5 e6 16. a3 Re8 17. Rad1 Qd6 18. Ne4 Bxe4 19. Qxe4 Bg7 20. b4 Red8 21. c4 Bxe5 22. dxe5 Qe7 23. Rxd8+ Rxd8 24. g3 c5 25. b5 Qd7 26. Qe3 Qd4 27. Qxd4 Rxd4 28. Rc1 Rd3 29. a4 Ra3 30. f4 Rxa4 31. Rc3 Kf8 32. Kf2 a6 33. bxa6 Rxa6 34. Rf3 Ke7 35. Rc3 Kd7 36. Ke3 Kc6 37. Rb3 Ra4 38. Kd3 Rb4 39. Rxb4 cxb4 40. Kc2 Kc5 41. Kb3 b5 42. cxb5 Kxb5 43. h4 h5 44. Kb2 Kc4 45. Kc2 Kd4 46. Kb3 Ke3 47. Kxb4 Kf3 48. Kc5 Kxg3 49. Kd6 Kxh4 50. Ke7 Kg4 51. Kxf7 h4 52. Kxe6 h3 53. Kf6 h2 54. e6 h1=Q 55. e7 Qc6+ 56. Kf7 Qd5+ 57. Kxg6 Qe6+ 58. Kh7 Qxe7+ 59. Kh8 Qf6+ 60. Kh7 Qxf4 61. Kh8 Qc7 0-1

[Event "Monarque blanc"]
[Site "Gatineau CAN"]
[Date "2007.02.06"]
[Round "4"]
[White "Thompson, Daniel"]
[Black "Arsenault, Michel"]
[Result "1-0"]
[WhiteElo "1481"]
[BlackElo "2053"]
[PlyCount "85"]
[GameId "2160767910726893"]
[EventDate "2007.01.16"]
[EventType "swiss"]
[EventRounds "7"]
[EventCountry "CAN"]
[SourceTitle "EXT 2022"]
[Source "ChessBase"]
[SourceDate "2021.10.06"]
[SourceVersion "1"]
[SourceVersionDate "2021.10.06"]
[SourceQuality "1"]

1. d4 Nf6 2. c4 e6 3. Nc3 Bb4 4. f3 d5 5. a3 Bxc3+ 6. bxc3 O-O 7. Bg5 h6 8. Bh4 b6 9. e3 Nbd7 10. Bd3 Bb7 11. Ne2 Re8 12. cxd5 exd5 13. Bf2 Qc8 14. Rc1 Ba6 15. c4 dxc4 16. Bxc4 c5 17. O-O Bxc4 18. Rxc4 b5 19. Rc2 Qa6 20. dxc5 Rac8 21. e4 Qxa3 22. Qa1 Qd3 23. Rc3 Qxe2 24. Re1 Qd2 25. Be3 Qxc3 26. Qxc3 Nxc5 27. Bxc5 Nd7 28. Qa5 Nxc5 29. Qxb5 a6 30. Qa5 Re6 31. Rb1 Kh7 32. g3 Rd6 33. f4 g6 34. e5 Rd7 35. Rb6 Nb7 36. Qxa6 Rc1+ 37. Kf2 Rc2+ 38. Kf3 Rc3+ 39. Kg4 Nc5 40. Qc8 Ra7 41. Rb8 f5+ 42. Kh3 g5 43. Qg8# 1-0

[Event "Monarque blanc"]
[Site "Gatineau CAN"]
[Date "2007.02.06"]
[Round "4"]
[White "Villeneuve, Luc"]
[Black "Desjardins, Michel"]
[Result "0-1"]
[WhiteElo "1571"]
[BlackElo "1907"]
[PlyCount "88"]
[GameId "2160767910726894"]
[EventDate "2007.01.16"]
[EventType "swiss"]
[EventRounds "7"]
[EventCountry "CAN"]
[SourceTitle "EXT 2022"]
[Source "ChessBase"]
[SourceDate "2021.10.06"]
[SourceVersion "1"]
[SourceVersionDate "2021.10.06"]
[SourceQuality "1"]

1. Nf3 d5 2. c4 d4 3. b4 g6 4. d3 Bg7 5. g3 b6 6. Bg2 Bb7 7. O-O e5 8. Bb2 Ne7 9. Qb3 Nd7 10. Nbd2 c5 11. b5 f5 12. Ng5 Bxg2 13. Ne6 Qc8 14. Nxg7+ Kf7 15. Nxf5 gxf5 16. Kxg2 h5 17. e4 h4 18. f4 hxg3 19. hxg3 Qg8 20. fxe5 Qg4 21. e6+ Kxe6 22. exf5+ Nxf5 23. Rae1+ Ne3+ 24. Rxe3+ dxe3 25. Bxh8 Rxh8 26. Re1 Qh3+ 27. Kf3 Rf8+ 28. Kxe3 Qxg3+ 29. Ke2 Qg4+ 30. Ke3 Qd4+ 31. Ke2 Qg4+ 32. Ke3 Ne5 33. Qc3 Qg5+ 34. Ke2 Qh5+ 35. Ke3 Ng4+ 36. Ke2 Nf2+ 37. Nf3 Qxf3+ 38. Kd2+ Kd7 39. Qg7+ Rf7 40. Qg6 Qf6 41. Qg1 Qb2+ 42. Ke3 Re7+ 43. Kf3 Qf6+ 44. Kg2 Rg7+ 0-1

[Event "Monarque blanc"]
[Site "Gatineau CAN"]
[Date "2007.02.13"]
[Round "5"]
[White "Arsenault, Yves"]
[Black "Scantland, Patrick"]
[Result "0-1"]
[WhiteElo "1500"]
[BlackElo "1730"]
[PlyCount "148"]
[GameId "2160767910726895"]
[EventDate "2007.01.16"]
[EventType "swiss"]
[EventRounds "7"]
[EventCountry "CAN"]
[SourceTitle "EXT 2022"]
[Source "ChessBase"]
[SourceDate "2021.10.06"]
[SourceVersion "1"]
[SourceVersionDate "2021.10.06"]
[SourceQuality "1"]

1. e4 c5 2. Nf3 d6 3. Bc4 e6 4. Nc3 Nf6 5. O-O Be7 6. d3 a6 7. a4 Nc6 8. Ra3 O-O 9. Re1 e5 10. Nd5 Bg4 11. Rb3 Bxf3 12. gxf3 Nxd5 13. Bxd5 Qd7 14. Bd2 Rab8 15. f4 Nd4 16. Ra3 Qh3 17. Re3 Qh4 18. fxe5 dxe5 19. Rg3 Kh8 20. c3 Ne6 21. Qf3 c4 22. Ra1 cxd3 23. b4 b6 24. Qf5 Qf6 25. Qxf6 gxf6 26. Re1 Nc7 27. Bh6 Rg8 28. Bxf7 Rxg3+ 29. hxg3 Rd8 30. Rd1 b5 31. a5 Rd6 32. Be3 Kg7 33. Ba2 Rd7 34. Bb1 f5 35. f3 fxe4 36. fxe4 Ne6 37. Bxd3 Ng5 38. Bxg5 Bxg5 39. Kf2 Rc7 40. Be2 Rxc3 41. Rd7+ Kg8 42. Rd6 Be3+ 43. Kg2 Rb3 44. Rxa6 Rxb4 45. Ra8+ Kg7 46. a6 Kh6 47. Re8 Bd4 48. Re7 Rb2 49. Kf3 b4 50. a7 Ra2 51. Re6+ Kg5 52. Ra6 Rxa6 53. Bxa6 Bxa7 54. Bd3 b3 55. Bb1 Bd4 56. Bd3 b2 57. Bb1 h5 58. Bd3 Kf6 59. Ke2 Bc3 60. Kf3 Bd2 61. Ke2 Bc1 62. Kf3 Ke6 63. Ke2 Kd6 64. Kd1 Kc5 65. Bb1 Kd4 66. Ke2 Kc3 67. Kf3 Kd2 68. Kg2 Kd1 69. Kh3 Bg5 70. Kg2 Kc1 71. Ba2 b1=Q 72. Bxb1 Kxb1 73. Kf3 Kc2 74. Ke2 Kc3 0-1

[Event "Monarque blanc"]
[Site "Gatineau CAN"]
[Date "2007.02.13"]
[Round "5"]
[White "Berthiaume, Serge"]
[Black "Pilon, Robert"]
[Result "0-1"]
[WhiteElo "1171"]
[BlackElo "1554"]
[PlyCount "116"]
[GameId "2160767910726897"]
[EventDate "2007.01.16"]
[EventType "swiss"]
[EventRounds "7"]
[EventCountry "CAN"]
[SourceTitle "EXT 2022"]
[Source "ChessBase"]
[SourceDate "2021.10.06"]
[SourceVersion "1"]
[SourceVersionDate "2021.10.06"]
[SourceQuality "1"]

1. d4 Nf6 2. c4 d5 3. Nc3 c6 4. e3 Bf5 5. Nf3 e6 6. Ne5 Nbd7 7. cxd5 exd5 8. Nxd7 Qxd7 9. Be2 Bd6 10. f3 Qc7 11. g3 h5 12. Bd3 Qd7 13. Qc2 Bxd3 14. Qxd3 Qh3 15. Qf1 Qf5 16. h3 Bxg3+ 17. Kd1 O-O-O 18. f4 Ne4 19. Nxe4 Qxe4 20. Rg1 h4 21. Bd2 Qf5 22. Rc1 Qh5+ 23. Qe2 Qf5 24. Qf1 Rhe8 25. a4 g6 26. b4 Qh5+ 27. Kc2 Qf5+ 28. Qd3 Qxd3+ 29. Kxd3 Re6 30. Rg2 Rde8 31. b5 R8e7 32. Bb4 Rxe3+ 33. Kc2 Re2+ 34. Rxe2 Rxe2+ 35. Kd3 Re6 36. Bd2 Kd7 37. Be3 Rf6 38. Rf1 cxb5 39. axb5 Rb6 40. Ra1 a6 41. bxa6 bxa6 42. Rc1 Rb3+ 43. Rc3 Rxc3+ 44. Kxc3 Be1+ 45. Kb3 Kc6 46. Ka4 a5 47. Bc1 Bc3 48. Be3 Kd6 49. Bf2 Ke6 50. Bxh4 Kf5 51. Bg3 Ke4 52. Kb3 Bxd4 53. Be1 Kxf4 54. Bxa5 f5 55. h4 Be5 56. Be1 Ke3 57. Kc2 d4 58. Bd2+ Ke2 0-1

[Event "Monarque blanc"]
[Site "Gatineau CAN"]
[Date "2007.02.13"]
[Round "5"]
[White "Brousseau, Yvan"]
[Black "Thompson, Daniel"]
[Result "1-0"]
[WhiteElo "2011"]
[BlackElo "1481"]
[PlyCount "55"]
[GameId "2160767910726898"]
[EventDate "2007.01.16"]
[EventType "swiss"]
[EventRounds "7"]
[EventCountry "CAN"]
[SourceTitle "EXT 2022"]
[Source "ChessBase"]
[SourceDate "2021.10.06"]
[SourceVersion "1"]
[SourceVersionDate "2021.10.06"]
[SourceQuality "1"]

1. Nf3 Nf6 2. b3 d6 3. Bb2 e5 4. e3 Be7 5. d3 Nc6 6. Nc3 Be6 7. Qd2 Nd5 8. O-O-O Nxc3 9. Qxc3 Bf6 10. d4 e4 11. Nd2 d5 12. Bb5 Qd6 13. f3 exf3 14. gxf3 a6 15. Be2 g6 16. Kb1 O-O 17. h4 Ne7 18. e4 Bg7 19. Qe3 f5 20. e5 Qb4 21. f4 Rac8 22. h5 h6 23. hxg6 Nxg6 24. Rdg1 Kh7 25. Qg3 Bf7 26. Bh5 Qxd2 27. Bxg6+ Kg8 28. Bxf5 1-0

[Event "Monarque blanc"]
[Site "Gatineau CAN"]
[Date "2007.02.13"]
[Round "5"]
[White "Cossette, Daniel"]
[Black "Szalay, Karoly"]
[Result "1-0"]
[WhiteElo "2137"]
[BlackElo "1864"]
[PlyCount "73"]
[GameId "2160767910726899"]
[EventDate "2007.01.16"]
[EventType "swiss"]
[EventRounds "7"]
[EventCountry "CAN"]
[SourceTitle "EXT 2022"]
[Source "ChessBase"]
[SourceDate "2021.10.06"]
[SourceVersion "1"]
[SourceVersionDate "2021.10.06"]
[SourceQuality "1"]

1. e4 e5 2. Nf3 Nc6 3. d4 exd4 4. Bc4 d6 5. Nxd4 Nxd4 6. Qxd4 Be6 7. Bxe6 fxe6 8. Nc3 Qd7 9. Be3 e5 10. Qd2 Nf6 11. f3 O-O-O 12. Nd5 Kb8 13. Qa5 a6 14. a4 c6 15. Nb6 Qc7 16. b4 d5 17. b5 Qd6 18. Rb1 axb5 19. axb5 d4 20. Nc4 Qd7 21. b6 Qe6 22. Nxe5 Bd6 23. Nxc6+ bxc6 24. Qa7+ Kc8 25. b7+ Kd7 26. b8=Q+ Ke8 27. Qb3 Qxb3 28. Rxb3 dxe3 29. e5 Bxe5 30. Rxe3 Nd7 31. f4 Rb8 32. O-O Rf8 33. fxe5 Rxf1+ 34. Kxf1 Rb1+ 35. Re1 Rb2 36. e6 Nf6 37. Qf7+ 1-0

[Event "Monarque blanc"]
[Site "Gatineau CAN"]
[Date "2007.02.13"]
[Round "5"]
[White "Dupont, Claude"]
[Black "Levesque, Andre"]
[Result "1-0"]
[WhiteElo "1395"]
[BlackElo "1388"]
[PlyCount "57"]
[GameId "2160767910726900"]
[EventDate "2007.01.16"]
[EventType "swiss"]
[EventRounds "7"]
[EventCountry "CAN"]
[SourceTitle "EXT 2022"]
[Source "ChessBase"]
[SourceDate "2021.10.06"]
[SourceVersion "1"]
[SourceVersionDate "2021.10.06"]
[SourceQuality "1"]

1. e4 c5 2. Nf3 Nc6 3. Bc4 g6 4. Ng5 e6 5. d3 Bg7 6. c3 Nf6 7. Nd2 O-O 8. a3 d5 9. Ba2 Bd7 10. O-O d4 11. cxd4 Nxd4 12. Ndf3 Bc6 13. Nxd4 cxd4 14. Bxe6 fxe6 15. Nxe6 Qe7 16. Nxf8 Rxf8 17. Bd2 Qd7 18. h3 Nh5 19. a4 a6 20. g4 Nf4 21. Bxf4 Rxf4 22. f3 b5 23. axb5 Bxb5 24. Kg2 g5 25. Qd2 Qd6 26. Rac1 Bf6 27. Rc8+ Bd8 28. Rfc1 Kg7 29. R1c5 1-0

[Event "Monarque blanc"]
[Site "Gatineau CAN"]
[Date "2007.02.13"]
[Round "5"]
[White "Forget, David"]
[Black "Gagnon, Fabien"]
[Result "1-0"]
[WhiteElo "1887"]
[BlackElo "1988"]
[PlyCount "131"]
[GameId "2160767910726901"]
[EventDate "2007.01.16"]
[EventType "swiss"]
[EventRounds "7"]
[EventCountry "CAN"]
[SourceTitle "EXT 2022"]
[Source "ChessBase"]
[SourceDate "2021.10.06"]
[SourceVersion "1"]
[SourceVersionDate "2021.10.06"]
[SourceQuality "1"]

1. d4 f5 2. c4 Nf6 3. Nc3 e6 4. g3 d5 5. Bg2 c6 6. cxd5 exd5 7. Nf3 Bd6 8. Bg5 O-O 9. Ne5 Qb6 10. Rb1 Ne4 11. Bf4 Bb4 12. O-O Qa5 13. Nxe4 fxe4 14. Qb3 Qb6 15. e3 Be7 16. Qxb6 axb6 17. g4 Rxa2 18. h3 Na6 19. Ra1 Rxb2 20. Rfc1 Nb4 21. Bf1 c5 22. Ra8 c4 23. Nxc4 dxc4 24. Bxc4+ Kh8 25. Bd5 Nc6 26. Bxc6 bxc6 27. Rxc6 Bb7 28. Rxf8+ Bxf8 29. Rc7 Ba6 30. Ra7 Kg8 31. Rxa6 b5 32. Bd6 Bxd6 33. Rxd6 Kf7 34. Rb6 b4 35. Kg2 b3 36. Kg3 g5 37. f3 exf3 38. Kxf3 Rb1 39. Ke4 b2 40. Rb3 Ke6 41. Kd3 Rh1 42. Rxb2 Rxh3 43. Rb6+ Kf7 44. Ke4 Rg3 45. Rb7+ Kg6 46. Rb6+ Kf7 47. Rb7+ Kg6 48. Rb6+ Kf7 49. Kf5 Rf3+ 50. Kxg5 Rxe3 51. Rb7+ Kg8 52. Kf6 Rf3+ 53. Ke7 Rf4 54. Rb8+ Kg7 55. d5 Rxg4 56. d6 Re4+ 57. Kd8 Kf6 58. d7 Kg5 59. Kc7 Rd4 60. Rg8+ Kh4 61. d8=Q+ Rxd8 62. Kxd8 h5 63. Ke7 Kh3 64. Kf6 h4 65. Kf5 Kh2 66. Kg4 1-0

[Event "Monarque blanc"]
[Site "Gatineau CAN"]
[Date "2007.02.13"]
[Round "5"]
[White "Guimond, Michel"]
[Black "Chartrand, Jean Bruno"]
[Result "1-0"]
[WhiteElo "1795"]
[BlackElo "1836"]
[PlyCount "65"]
[GameId "2160767910726902"]
[EventDate "2007.01.16"]
[EventType "swiss"]
[EventRounds "7"]
[EventCountry "CAN"]
[SourceTitle "EXT 2022"]
[Source "ChessBase"]
[SourceDate "2021.10.06"]
[SourceVersion "1"]
[SourceVersionDate "2021.10.06"]
[SourceQuality "1"]

1. e4 Nf6 2. Nc3 e5 3. Bc4 Nc6 4. a3 Bc5 5. d3 h6 6. f4 a6 7. f5 Ne7 8. Qe2 O-O 9. g4 d5 10. Bb3 dxe4 11. dxe4 Nc6 12. g5 Nd4 13. Qg2 Nh5 14. Bd2 hxg5 15. O-O-O Nf4 16. Bxf4 gxf4 17. Ba2 c6 18. Nf3 Qf6 19. Ng5 Bxf5 20. exf5 Qxf5 21. Nge4 f3 22. Qf1 Bb6 23. Kb1 Rad8 24. Rxd4 Bxd4 25. Ng3 Qf4 26. Nce4 Rfe8 27. Qd3 c5 28. Rf1 c4 29. Bxc4 Qe3 30. Rxf3 Qxd3 31. cxd3 Re7 32. Nf5 Re6 33. Nfd6 1-0

[Event "Monarque blanc"]
[Site "Gatineau CAN"]
[Date "2007.02.13"]
[Round "5"]
[White "Iyamuremye, Gervais"]
[Black "Charette, Jean Sebastien"]
[Result "1-0"]
[WhiteElo "1539"]
[BlackElo "1387"]
[PlyCount "141"]
[GameId "2160767910726903"]
[EventDate "2007.01.16"]
[EventType "swiss"]
[EventRounds "7"]
[EventCountry "CAN"]
[SourceTitle "EXT 2022"]
[Source "ChessBase"]
[SourceDate "2021.10.06"]
[SourceVersion "1"]
[SourceVersionDate "2021.10.06"]
[SourceQuality "1"]

1. e4 e6 2. d4 d5 3. exd5 exd5 4. Nf3 Nf6 5. h3 Bd6 6. Be2 O-O 7. O-O Bf5 8. c3 Re8 9. Bg5 h6 10. Bxf6 Qxf6 11. Bd3 Be6 12. Re1 Nd7 13. a4 c6 14. b4 a6 15. Na3 Nb6 16. Ne5 Qf4 17. a5 Nd7 18. g3 Qf6 19. Nxd7 Bxd7 20. Rxe8+ Rxe8 21. h4 Bh3 22. Bf1 Qe6 23. Bxh3 Qxh3 24. Qf3 Re4 25. Nc2 Qe6 26. Ne3 Qe7 27. Kg2 g6 28. Ng4 Kg7 29. Rd1 h5 30. Ne3 Qd7 31. Rd3 Bc7 32. Nc2 b6 33. axb6 Bxb6 34. Re3 Rg4 35. Qe2 Qd6 36. Qxa6 Bd8 37. Kf1 Qd7 38. Qe2 g5 39. hxg5 Rxg5 40. Re5 Qh3+ 41. Ke1 Qh1+ 42. Kd2 Rg4 43. Ne3 Rg5 44. Rxg5+ Bxg5 45. Kc2 Qe4+ 46. Qd3 Bxe3 47. Qxe4 dxe4 48. fxe3 Kf6 49. c4 Ke6 50. Kc3 f5 51. b5 cxb5 52. cxb5 Kd6 53. Kd2 Kc7 54. Ke2 Kb6 55. Kf2 Kxb5 56. Kg2 Kc4 57. Kf2 Kd5 58. Kg2 Kc4 59. Kh3 Kd3 60. d5 Kxe3 61. d6 Kf3 62. d7 e3 63. d8=Q e2 64. Qd3+ Kf2 65. Qxf5+ Kg1 66. Qf3 e1=N 67. Qxh5 Nf3 68. Qc5+ Kh1 69. Qc1+ Ng1+ 70. Qxg1+ Kxg1 71. g4 1-0

[Event "Monarque blanc"]
[Site "Gatineau CAN"]
[Date "2007.02.13"]
[Round "5"]
[White "Jiang, Qizhe"]
[Black "Blouin, Francois"]
[Result "0-1"]
[WhiteElo "853"]
[BlackElo "1519"]
[PlyCount "62"]
[GameId "2160767910726905"]
[EventDate "2007.01.16"]
[EventType "swiss"]
[EventRounds "7"]
[EventCountry "CAN"]
[SourceTitle "EXT 2022"]
[Source "ChessBase"]
[SourceDate "2021.10.06"]
[SourceVersion "1"]
[SourceVersionDate "2021.10.06"]
[SourceQuality "1"]

1. e4 e6 2. d3 g6 3. Nc3 Bg7 4. Bd2 d6 5. Nf3 Nc6 6. g3 Nge7 7. Bg2 O-O 8. O-O a6 9. Re1 Bd7 10. a3 Rb8 11. Re2 f5 12. Rb1 fxe4 13. dxe4 e5 14. Re1 Bg4 15. Be3 Qd7 16. Ra1 Rf7 17. Qe2 Rbf8 18. Nb1 Bxf3 19. Bxf3 Rxf3 20. Nd2 R3f7 21. Qd1 Kh8 22. Rf1 Ng8 23. f4 Qh3 24. Rb1 Nh6 25. fxe5 Ng4 26. Rxf7 Rxf7 27. Qe2 Ncxe5 28. Rf1 Rxf1+ 29. Nxf1 Bh6 30. Bxh6 Qxh6 31. Qd2 Nf3+ 0-1